000 00540nam a2200169 i 4500
001 128750
003 ES-MaACL
005 20230906193344.0
007 t|
008 070524m19221923it ||||1| ita d
100 1 _aTamaro, Domenico.
_9109151
245 1 0 _aTrattato completo di agricoltura al uso delle scuoli e degli agricoltori italiani /
_cDomenico Tamaro.
250 _a2ยช ed. rifatta.
260 _aMilano :
_bUlrico Hoepli,
_c1922-1923 (
_fTip. Carlos Sironi)
300 _a2 v. :
_bil. ;
_c24 cm.
852 _aES-MaACL
_jA-447-48
999 _c128750
_d128750